Ingo Maurer : designing with light = gestalten mit Licht
Αποθηκεύτηκε σε:
| Άλλοι συγγραφείς: | , , |
|---|---|
| Μορφή: | Βιβλίο |
| Γλώσσα: | English German |
| Δημοσίευση: |
Munich :
Prestel,
c2008.
|
| Θέματα: | |
| Ετικέτες: |
Προσθήκη ετικέτας
Δεν υπάρχουν, Καταχωρήστε ετικέτα πρώτοι!
|
MARC
| LEADER | 00000cam a2200000 a 4500 | ||
|---|---|---|---|
| 001 | 1/121759 | ||
| 008 | 200720s2008####gw | ||| |||| ||eng|| | ||
| 020 | |a 9783791338293 | ||
| 040 | |a GR-MyUa |b gre |c GR-MyUa |e AACR2 | ||
| 041 | 0 | |a eng |a ger | |
| 082 | 7 | |a 729.28 |2 (23) | |
| 245 | 0 | 0 | |a Ingo Maurer : |b designing with light = gestalten mit Licht / |c edited by Bernhard Dessecker ; in collaboration with Frank Koschembar, Kirsten Wengmann. |
| 246 | 1 | |i Παράλληλος τίτλος: |a Ingo Maurer : |b gestalten mit Licht | |
| 260 | |a Munich : |b Prestel, |c c2008. | ||
| 300 | |a 288 σ. : |b εικ. ; |c 30 εκ. | ||
| 600 | 1 | 0 | |a Maurer, Ingo, |d 1932-2019. |
| 650 | 0 | |a Electric light fixtures |x Design and construction. | |
| 650 | 0 | |a Electric lamps |x Design and construction. | |
| 650 | 0 | |a Electric lighting |x Deisgn. | |
| 650 | 0 | |a Lighting, Architectural and decorative. | |
| 700 | 1 | |a Dessecker, Bernhard, |d 1961- |e edt | |
| 700 | 1 | |a Koschembar, Frank, |d 1960- |e edt | |
| 700 | 1 | |a Wengmann, Kirsten, |d 1963- |e edtf | |
| 852 | |a INST |b SYROS |e 20200720 |h 729.28 ING |p 005500014879 |q 005500014879 |t BK |y 0 | ||
| 920 | |a Ίδρυμα Ευγενίδου |b Βιβλιοθήκη |y Σύρος |z 2020-07 | ||
| 970 | |a Κοντού |b Παρασκευή |z 20/07/2020 | ||